Normal view
MARC view
Entry Término temático
001 - NÚMERO DE CONTROL
- campo de control: 83285
003 - IDENTIFICADOR DEL NÚMERO DE CONTROL
- campo de control: DO-SdBNP
005 - FECHA Y HORA DE LA ÚLTIMA TRANSACCIÓN
- campo de control: 20230419102731.0
008 - DATOS DE LONGITUD FIJA
- campo de control de longitud fija: 230419|| aca||aabn | a|a d
040 ## - FUENTE DE LA CATALOGACIÓN
- Centro catalogador/agencia de origen: DO-SdBNP
- Centro/agencia transcriptor: DO-SdBNP
150 ## - ENCABEZAMIENTO--TÉRMINO DE MATERIA
- Término de materia o nombre geográfico como elemento de entrada: Fundaciones benéficas
670 ## - FUENTE DE DATOS ENCONTRADOS
- Cita de la fuente: Work cat.: (DO-SdBNP)53307: Fundación Falcondo (República Dominicana) 83283, 25 años de innovación y compromiso con el desarrollo, [ sin fecha]
